000 00341nam a22001457a 4500
008 230327b ||||| |||| 00| 0 eng d
020 _a0444009442
041 _aeng
080 _2SECOND EDITION
_a616.8
082 _a616.8KAN
100 _a11
101 _aNEURO
245 _aPRINCIPLES OF NEURAL SCIENCE
_cKANDEL .R.E
942 _2udc
_cBK
999 _c59460
_d59460